|
|
|
|
| LEADER |
00000nam a2200000 a 4500 |
| 001 |
vtls001330252 |
| 003 |
SK-MaSNL |
| 005 |
20260301114337.0 |
| 008 |
160610s1996 au a r y 0 ger |
| 015 |
|
|
|a SNBZSA1998-00250
|
| 020 |
|
|
|a 3205983629
|
| 035 |
|
|
|a SNK000283113
|
| 035 |
|
|
|a urn:nbn:sk:snk-amkxun
|
| 035 |
|
|
|a urn:nbn:sk:snk-am005egk
|
| 035 |
|
|
|a 83550B4B-5A34-415E-A6F5-70930F92B11D
|
| 040 |
|
|
|a SNK
|b slo
|c SNK
|e AACR2
|
| 041 |
0 |
|
|a ger
|
| 044 |
|
|
|a au
|c AT
|
| 080 |
|
|
|a 940.2(=81)(082)=30
|2 1981
|
| 080 |
|
|
|a 327.39(436/439)(=81)(082)=30
|2 1981
|
| 245 |
0 |
0 |
|a Schriftenreihe des Internationalen Zentrums für europäische Nationalismus- und Minderheitenforschung
|
| 260 |
|
|
|a Wien
|b Böhlau
|c 1996
|
| 300 |
|
|
|a 210 s.
|c 24 cm
|
| 504 |
|
|
|a Bibliogr. odkazy
|
| 505 |
0 |
|
|a Obsahuje aj: Die slowakische Politik und der Austroföderalismus / Tatiana Ivantyšynová ; -- Ungarische Nationalkonzepte, die Slaven und der "Austroslavismus" / Horst Haselsteiner
|
| 650 |
0 |
7 |
|a austroslavizmus
|2 SNKPH
|9 4734
|
| 655 |
|
7 |
|a zborníky
|2 SNKPH
|9 70165
|
| 700 |
1 |
|
|a Moritsch, Andreas
|4 com
|9 457683
|
| 700 |
1 |
2 |
|a Ivantyšynová, Tatiana
|t Die slowakische Politik und der Austroföderalismus
|9 457684
|
| 700 |
1 |
2 |
|a Haselsteiner, Horst
|t Ungarische Nationalkonzepte, die Slaven und der "Austroslavismus"
|9 457685
|
| 919 |
|
|
|a 3-205-98362-9
|
| 958 |
|
|
|a ZS
|
| 958 |
|
|
|a TL
|
| 958 |
|
|
|a ZB
|
| 958 |
|
|
|a SS
|
| 999 |
|
|
|c 718019
|d 719949
|
| 952 |
|
|
|t P60, <03>, [BOOK], {603}
|a SNK
|b SNK
|y PREZ
|7 0
|p 17A0055094
|o snkSC 95869
|i snkV 510/98
|0 0
|1 0
|4 0
|d 1998-05-07
|f 1
|l 0
|r 2025-09-12 00:00:00
|w 2026-02-23
|
| 952 |
|
|
|t P60, <04>, [BOOK], {604}
|a SNK
|b SNK
|y VYP
|7 0
|p 17A0165472
|o snkSC 95869 D1
|i snkV 1344/98
|0 0
|1 0
|4 0
|d 1998-10-26
|l 0
|r 2005-01-02 00:00:00
|w 2026-02-23
|